000 00699nam a2200217Ia 4500
008 160517s9999 xx 000 0 und d
050 _aTK 6655
050 _b.B352 2016
100 _aBautista, Colleen Marie F.
245 _aDevelopment of a video production through spoofing of a dramatic film /
245 _cColleen Marie F. Baustista, Ma. Laura S, Dominguez, Ma. Diniela Marie F. Molina, Gabriel Crisnand F. Manalo.
260 _aLas PiƱas, Philippines :
260 _bSISC,
260 _c2016.
300 _a97 pages :
300 _billustrations ;
300 _c28 cm.
500 _aIncludes bibliographical references and appendices.
521 _aMedia Arts
942 _cTH
999 _c293889
_d293889